Roots Confrontation in South Asia (Record no. 6567)

MARC details
000 -LEADER
fixed length control field 00679nam a2200253 a 4500
020 ## - INTERNATIONAL STANDARD BOOK NUMBER
ISBN
082 00 - DEWEY DECIMAL CLASSIFICATION NUMBER
Classification number 954
Author Cutter WOL
100 ## - MAIN ENTRY--AUTHOR NAME
Author name Wolpert, Stanley
245 ## - TITLE STATEMENT
Title Roots Confrontation in South Asia
Sub title Afghanistan, Pakistan, India and the Sup
260 ## - PUBLICATION, DISTRIBUTION, ETC. (IMPRINT)
Place of publication New York
Name of publisher Oxford University Press
Year of publication 1982
300 ## - PHYSICAL DESCRIPTION
Number of Pages 222p
500 ## - GENERAL NOTE
General note includes index and biblioraphy
505 2# - FORMATTED CONTENTS NOTE
Formatted contents note Index
650 ## - SUBJECT ADDED ENTRY--TOPICAL TERM
Topical Term South Asia-History
650 ## - SUBJECT ADDED ENTRY--TOPICAL TERM
Topical Term South Asia-Foreign Relations
942 ## - ADDED ENTRY ELEMENTS (KOHA)
Koha item type Books
700 1# -
-- Wolpert, Stanley
Holdings
Collection code Home library Current library Date acquired Cost, normal purchase price Full call number Accession Number Koha item type
  Henry Martyn Institute Library Henry Martyn Institute Library 04/03/2007 71760.00 954 WOL 013250 Books
                   Copyright © 2026 | Henry Martyn Institute | Hyderabad | TS-500052 | INDIA | Implemented by hmi.edu.in
Hit-Count:

Powered by Koha